Child Support Guidelines in Canada, 2012

Detalles Bibliográficos
Autor principal: Payne, Julien D.
Otros Autores: Payne, Marilyn A.
Formato: eBook
Lenguaje:inglés
Publicado: Toronto: Irwin Law Inc., 2012
Materias:
Acceso en línea:Acceso restringido

MARC

LEADER 00000nam a22000007a 4500
005 20210902235129.0
007 cr|||| ||||
008 210902s2012 ca |||||s|||| 00||0 eng d
020 |a 978-1-55221-294-3 
035 |a 35309 
040 |a vLex 
090 |c 12226  |d 12226 
100 1 |a Payne, Julien D. 
245 1 0 |a Child Support Guidelines in Canada, 2012  |h [Recurso electrn̤ico] /  |c Julien D. Payne, Marilyn A. Payne 
256 |a Servicio en ln̕ea 
260 |a Toronto:  |b Irwin Law Inc.,  |c 2012 
300 |a 1 recurso electrn̤ico 
506 1 |a Disponible solo en los productos indicados  |d vLex Global  |d vLex Global (Academic Edition, excluding Law Schools)  |d vLex Global (U.S. Academic Edition, Law Schools)  |d vLex Global (U.S. Academic Edition, excluding Law Schools)  |d vLex Global (Academic Edition, Law Schools) 
650 0 4 |a Derecho Civil  |z Canad̀ 
700 1 |a Payne, Marilyn A. 
740 0 |a vLex Libros (Servicio en ln̕ea) 
856 4 0 |u https://app.vlex.com/#/sources/35309  |z Acceso restringido 
942 |c BOOK 
999 0 |a Civil Law